000 00835nas a2200265 4500
001 BR7701776
003 BR-BrBNA
005 20231205083140.0
007 ta
008 230509b bl.|||p| |||| 00| 00por d
040 _aBR-BrBNA
_bpor
_cBiblioteca Nacional de Agricultura
041 _a(Pt)
072 _aH20
100 1 _aLang, R. de O.
100 1 _aGeske, S.B.
100 1 _aPinheiro, J.M. (Instituto de Pesquisas Agronomicas, Porto Alegre, RS (Brazil))
245 1 _aAlgumas informacoes sobre o milho provocado pelo fungo Scleropora sorghi em milho Zea mays]
650 _aDoenca de planta
650 _aMilho
650 _aMildio
650 _aFungo
773 0 _tIPAGRO Informa (Brazil)
_xISSN 0100-3410
_g(Aug 1977), (no. 17) p. 16-17
_wBR7701776
909 _a202311
_bLúcia
_c55
_dLúcia Elande
942 _2AGRIS
_n0
_cANA
999 _c96737
_d96737